[Event "EU-ch U12"]
[Site "Bratislava"]
[Date "2019.08.03"]
[Round "2"]
[White "Omarsson, Adam"]
[Black "Aasen, Fredrik"]
[Result "0-1"]
[WhiteElo "1279"]
[BlackElo "1686"]
[PlyCount "40"]
[EventDate "2019.08.02"]
[EventType "swiss"]
[EventRounds "9"]
[EventCountry "SVK"]
[SourceTitle "EXT 2020"]
[Source "ChessBase"]
[SourceDate "2019.10.17"]
[SourceVersion "1"]
[SourceVersionDate "2019.10.17"]
[SourceQuality "1"]

1. d4 d6 2. Bf4 f5 3. Nf3 Nf6 4. e3 g6 5. Nbd2 Bg7 6. Be2 0-0 7. c4 Re8 8. Rc1 Nbd7 9. b4 e5 10. dxe5 dxe5 11. Bg3 Qe7 12. c5 h6 13. Nc4 Ne4 14. Qd5+ Kh7 15. Bxe5 Nxe5 16. Nfxe5 c6 17. Qd4 Rd8 18. Qb2 Re8 19. f4 Qh4+ 20. g3 Nxg3 0-1

[Event "Reykjavik op"]
[Site "Reykjavik"]
[Date "2019.04.09"]
[Round "3"]
[White "Sauer, Bernd"]
[Black "Aasen, Fredrik"]
[Result "1-0"]
[WhiteElo "1885"]
[BlackElo "1596"]
[PlyCount "43"]
[EventDate "2019.04.08"]
[EventType "swiss"]
[EventRounds "9"]
[EventCountry "ISL"]
[SourceTitle "CBM 189 Extra"]
[Source "ChessBase"]
[SourceDate "2019.06.03"]
[SourceVersion "1"]
[SourceVersionDate "2019.06.03"]
[SourceQuality "1"]

1. d4 Nf6 2. c4 g6 3. Nc3 d5 4. cxd5 Nxd5 5. e4 Nxc3 6. bxc3 Bg7 7. Bc4 c5 8. Ne2 Nc6 9. Be3 0-0 10. 0-0 Bd7 11. Rb1 Na5 12. Bd3 Rc8 13. Qd2 b6 14. Ba6 Rb8 15. dxc5 bxc5 16. Rxb8 Qxb8 17. Qxd7 Qb6 18. Qb5 Rb8 19. Qxb6 axb6 20. Bb5 Nb7 21. a4 Nd6 22. f3 1-0

[Event "Calvia Amateur op 15th"]
[Site "Calvia"]
[Date "2018.10.14"]
[Round "9"]
[White "Cespedes Alemany, Pau"]
[Black "Aasen, Fredrik"]
[Result "1/2-1/2"]
[WhiteElo "1497"]
[BlackElo "1724"]
[PlyCount "36"]
[EventDate "2018.10.06"]
[EventType "swiss"]
[EventRounds "9"]
[EventCountry "ESP"]
[SourceTitle "CBM 186 Extra"]
[Source "ChessBase"]
[SourceDate "2018.08.24"]
[SourceVersion "1"]
[SourceVersionDate "2018.08.24"]
[SourceQuality "1"]

1. e4 c5 2. Nf3 g6 3. d4 cxd4 4. Nxd4 Nc6 5. Nc3 Bg7 6. Be3 d6 7. Qd2 Nf6 8. Bd3 Ng4 9. Nxc6 bxc6 10. 0-0 Nxe3 11. Qxe3 0-0 12. Rab1 c5 13. Ne2 Rb8 14. b3 Bd7 15. a4 Qc7 16. Kh1 Bc6 17. Bc4 Qb7 18. f3 Qc7 1/2-1/2